00960cam a22002771 4500001001300000003000400013005001700017008004100034010001700075035001900092040002400111042001200135050002300147082001100170110002800181245015400209260002300363300003300386500002500419500007200444650003800516650003900554700004300593710002900636999001700665gs 48000013 DLC20260227111353.0761113s1947 dcu 000 0 eng  ags 48000013  a(OCoLC)2556765 aDLCcTxdOCoLCdDLC apremarc00aGB1025.T4bA5 1947 a551.492 aTexas Water Commission.10aGround-water resources of Bexar County, Texas,cby Penn Livingston. Prepared in cooperation with the U. S. Dept. of the Interior, Geological Survey. a[Washington]c1947 a234 l.b3 fold maps.c28 cm. aIncludes references. aUnited States Geological survey. Library. for Library of Congress. 0aGroundwaterzTexaszBexar County. 0aWater-supplyzTexaszBexar County.1 aLivingston, Pennq(Penn Poore),d1899-2 aGeological Survey (U.S.) c28236d28236